Man City 21st Century best Starting XI - Statistics

General Stats
  • This quiz has been taken 103 times
  • The average score is 8 of 11
Answer Stats
Position Player % Correct
GK Ederson
98%
ST Agüero
94%
AM De Bruyne
93%
RB Walker
93%
CB Kompany
89%
CM David Silva
88%
DM Rodri
73%
CM Yaya Touré
60%
CB Fernandinho
47%
LB Cancelo
46%
ST Tevez
46%
No matching quizzes found
Score Distribution
Percent of People with Each Score
Percentile by Number Answered
Your Score History
You have not taken this quiz